Представление документа в формате RUSMARC

ПолеНазваниеЗначение
  Тип записи a
  Библиографический уровень m
001 Контрольный номер RU/SLIB/B/208704706
005 Дата корректировки 20241102083826.7
010 Индекс ISBN __
d Цена 20-41
101 Язык документа __
a Язык текста rus
c Язык оригинала rus
200 Заглавие и сведения об ответственности 0_
a Заглавие 100 чудовищ древнего мира: Мифологическая иллюстрированная энциклопедия
f Первые сведения об ответственности Беляев Ю. А.
b Общее обозначение материала Текст
210 Выходные данные __
a Место издания М.
c Издательство Раритет
c Издательство Центркнига
d Дата издания 1997
215 Физическое описание __
a Объем 144 с.
c Иллюстрации/тип воспроизводства ил.
327 Примечание о содержании __
a Примечание о содержании Сто чудовищ древнего мира: Мифологическая иллюстрированная энциклопедия
606 Тематические рубрики __
a Основная рубрика Фольклор
606 Тематические рубрики __
a Основная рубрика Мировой фольклор
610 Ключевые слова __
a Ключевые слова мифология; чудовища; мифы
686 Индексы других классификаций __
2 Код системы rubbks
a Классификационный индекс 82.3(0)я2
700 Автор _1
a Фамилия Беляев
b Имя Ю. А.
4 Код отношения 070
801 Источник записи _0
a Страна RU
b Организация Муниципальное бюджетное учреждение культуры "Централизованная библиотечная система" г. Сургут (Центральная городская библиотека им. А. С. Пушкина)
g Правила каталогизации ОБ/Бутенко
801 Источник записи _1
a Страна RU
b Организация Муниципальное бюджетное учреждение культуры "Централизованная библиотечная система" г. Сургут (Центральная городская библиотека им. А. С. Пушкина)
g Правила каталогизации ОБ/Бутенко
852 Данные о местонахождении __
j Шифр хранения 82.3(0)я2
c Каталожный индекс 82.3(0)я2
i Авторский знак Б 44
p Инвентарный номер 70238
901 Тип документа __
t Тип документа m
903 Характеристики (МАРС) __
a Дата передачи 19990111
969 Тип издания __
a Тип издания энциклопедия
990 Данные о заказе (DOS) 00
j Количество экземпляров (DOS) 2
t N записи в КСУ для И/У (DOS) 199801